| 000 | 01900nam a2200241Ia 4500 | ||
|---|---|---|---|
| 008 | 260220t1991||||xx |||||||||||||| ||spa|| | ||
| 040 |
_aPY-SlUNAC _bspa _erda |
||
| 041 | _aspa | ||
| 082 |
_a001.424 _bM319m |
||
| 245 | 0 | _aManual para el diseño de investigación operativa en planificación familiar | |
| 250 | _aSegunda edición | ||
| 264 |
_aCiudad de México : _bThe Population Council, _c℗1991. |
||
| 300 | _a1 volumen | ||
| 520 | _aEl "Manual para el diseño de investigación operativa en planificación familiar", publicado por The Population Council en 1991, ofrece un enfoque sistemático para la implementación de investigaciones en el ámbito de la planificación familiar. Este texto se centra en la importancia de diseñar estudios que aborden de manera efectiva las necesidades de las comunidades en relación con la salud reproductiva. El manual proporciona herramientas metodológicas y directrices prácticas para la recolección y análisis de datos, enfatizando la colaboración entre investigadores y profesionales de la salud. A través de estudios de caso y ejemplos concretos, se destacan las mejores prácticas para evaluar programas de planificación familiar, así como la necesidad de adaptar los enfoques a contextos locales. Además, el manual aborda cuestiones éticas y la importancia de la participación comunitaria en el proceso investigativo. En conjunto, esta obra se convierte en un recurso esencial para investigadores, responsables de políticas y profesionales que buscan mejorar la efectividad de los programas de planificación familiar en diversas poblaciones. | ||
| 653 | _aDiseño de proyectos | ||
| 653 | _aInvestigación operativa | ||
| 653 | _aPlanificación familiar | ||
| 942 |
_b2026/02/17 _cBK |
||
| 999 |
_c6655 _d6655 |
||